00680nam a2200169 a 450000100100000000500170001000800410002702000180006804000250008610000310011124501120014226000580025430000270031250000730033950000630041250400350047500003428120200930073622.0110929s2011 pr 000 0 spa d a9780975973158 aDO-SdBNPbspacBNPHU1 aFabián Maldonado, Ana M.13aEl impacto del diagnóstico de cáncer de seno en la mujer puertorriqueña /cAna M. Fabián Maldonado. aPuerto Rico :bInstituto de Estado del Caribe,c2011. a212 p. :bil ;c23 cm. aIncluye referencias bibliográficas y notas al pie de las páginas aIncluye datos biográficos del autor en la contracubierta aBibliográfía : p. 209 -212